1726 1781 1779 1938 1298 1294 1739 1781 1661 1333 1072 1654 1729 1525 1663 1788 1762 1471 1361 1386 1632 1206 1691 1211 1553 1303 1150 1719 1703 1124 1332 1756 1481 1634 1635 1501 1701 1638 1695 1743 1393 1873 1002 1423 1836 1072 1460 1261 1055 1783 1915 1958 1992 1005 1445 1935 1794 1382 1399 1502 1352 1402 1403 1753 1559 1149 1820 1088 1703 1498 1842 1987 1240 1432 1173 1875 1509 1338 1941 1370 1627 1973 1626 1258 1155 1477 1188 1633 1832 1069 1999 1530 1221 1419 1960 1661 1308 1032 1695 BCNSPRNW ULIB Ver.6.0+V

เปลี่ยนเป็นภาษาไทย

Change to English
 แสดงรายละเอียดบรรณานุกรม
  กลับหน้าหลัก

Brief Record : Get Marc (ISO 2709) : E-mail record : QR code < ปิดหน้าต่าง
LEADER : 00000nam 2200000uu 4500
001    13399121798
003     ULIB
008    121207s2551||||th 000 0 tha d
020    ^a9789741149492
060  4 ^aWQ209^bจ394ค
245 00 ^aคลื่นเสียงความถี่สูงทางสูติศาสตร์และนรีเวชวิทยา /^cจิตเกษม สุวรรณรัฐ,บรรณาธิการ.
250    ^aพิมพ์ครั้งที่1.
260    ^aสงขลา :^bชานเมืองการพิมพ์,^c2551.
300    ^a167 หน้า :^bภาพประกอบ ;^c26 ซม.
650  2 ^aPregnancy Complications.
650  2 ^aUltrasonography, Prenetal.
700 0  ^aจิตเกษม สุวรรณรัฐ,^eบรรณาธิการ.
710 2  ^aมหาวิทยาลัยสงขลานครินทร์.^bคณะแพทยศาสตร์.^bภาควิชาสูติศาสตร์และนรีเวชวิทยา.^bหน่วยเวชศาสตร์มารดาและทารกในครรภ์.
945    ^p320^l0^i15186
995    ^aทศพร
999    ^aทศพร เกษรทอง
รายการนี้ยังไม่มีแท็ก
คุณยังไม่ได้ล็อกอิน คุณสามารถมีกิจกรรมร่วมกับเว็บไซต์ได้ แต่ต้องล็อกอินก่อน ::
  ล็อกอิน

รายการสื่อสารสนเทศ

ลำดับที่ ประเภท เลขเรียก/บาร์โค้ด สถานที่ สถานะ
1. วิทยาศาสตร์การแพทย์ และสุขภาพ
วิทยาศาสตร์การแพทย์ และสุขภาพ
WQ209 จ394ค ฉ.1 
  Barcode: 15186
ห้องสมุดวิทยาเขตสวรรค์ประชารักษ์
►ส่วนจัดเก็บหนังสือเก่า สปร
บนชั้น
  ขอยืม

รายการใกล้เคียง
    หัวเรื่อง [Pregnancy Complications.]
    หัวเรื่อง [Ultrasonography, Prenetal.]

BibComment


ยังไม่เคยถูกคอมเมนท์

คอมเมนท์ทรัพยากรรายการนี้
  คอมเมนท์: คลื่นเสียงความถี..


 Copyright 2026. Bcnsprnw @Library